00369pab a2200133 454500008004000000100001700040245004800057260000900105300001200114362001100126650003600137650002800173773003400201180718b2009 xxu||||| |||| 00| 0 eng d aShukla, S.P. aIn search of radical and inclusive politics c2009 ap.8-11. a21 Feb aIndia - Politics and government aPolitics and government aEconomic and Political Weekly